| 000 | 00406pab a2200145 454500 | ||
|---|---|---|---|
| 008 | 180718b1985 xxu||||| |||| 00| 0 eng d | ||
| 100 | _aUtrecht, Ernst | ||
| 245 |
_aThe new economic policy _bRole of transnationals in the Third World |
||
| 260 | _c1985 | ||
| 300 | _a8-12 | ||
| 362 | _a5 May | ||
| 650 | _aMultinational Corporations - Underdeveloped Areas | ||
| 773 | _aDemocratic World | ||
| 909 | _a13810 | ||
| 999 |
_c13810 _d13810 |
||